De Callot a Lautrec: perspectives de l' art francais
Sábháilte in:
| Príomhchruthaitheoir: | |
|---|---|
| Formáid: | LEABHAR |
| Teanga: | Fraincis |
| Foilsithe / Cruthaithe: |
París
La Bibliotheque des Arts
1957
|
| Eagrán: | 1a. ed |
| Sraith: | Souvenirs et Documents
|
| Ábhair: | |
| Clibeanna: |
Cuir clib leis
Níl clibeanna ann, Bí ar an gcéad duine le clib a chur leis an taifead seo!
|
MARC
| LEADER | 00000cam a2200000 a 4500 | ||
|---|---|---|---|
| 001 | UCE0776 | ||
| 003 | CL-VaPUC | ||
| 008 | 140307e19570000fr |||||||||||||||||fre|d | ||
| 082 | 0 | 4 | |a 769.944 |b FOC |2 21 |
| 100 | 0 | |a Focillon, Henri |e author |9 573124 | |
| 245 | 1 | 0 | |a De Callot a Lautrec: perspectives de l' art francais |
| 250 | |a 1a. ed | ||
| 300 | |a 169 p | ||
| 942 | |c BK | ||
| 945 | |d 20140307 11:03:00 |a dcastane | ||
| 260 | |a París |b La Bibliotheque des Arts |c 1957 | ||
| 600 | 0 | 7 | |a TOULOUSE-LAUTREC, HENRI DE |2 CL-VaPUC |9 267991 |
| 650 | 0 | |a Grabados |9 310822 | |
| 650 | 7 | |a GRABADORES |2 CL-VaPUC |9 322728 | |
| 650 | 0 | |a Pintura francesa |9 266122 | |
| 583 | |a last modification |c 20140307 11:03:00 |k Rodrigo Vera | ||
| 490 | 0 | |a Souvenirs et Documents | |
| 999 | |c 354805 |d 354803 | ||
| 952 | |0 0 |1 0 |3 erb |4 0 |6 769_944000000000000_FOC_1957 |7 0 |8 A |9 460990 |a BIBART |b BIBART |i 5006074 |o 769.944 FOC 1957 |p 5006074 |r 2025-03-13 |w 2019-11-23 |y BK |z Catalogado en:20140307 |k ART | ||